Global domestic workers : (Record no. 37272)
[ view plain ]
| 000 -LEADER | |
|---|---|
| fixed length control field | 02312cam a2200325 i 4500 |
| 020 ## - INTERNATIONAL STANDARD BOOK NUMBER | |
| ISBN | 9781529207880 |
| 082 04 - DEWEY DECIMAL CLASSIFICATION NUMBER | |
| Classification number | 331.76164 |
| Item number | MAR-G |
| 100 1# - MAIN ENTRY--AUTHOR NAME | |
| Personal name | Marchetti, Sabrina, |
| Relator term | author. |
| 245 10 - TITLE STATEMENT | |
| Title | Global domestic workers : |
| Sub Title | intersectional inequalities and struggles for rights / |
| Statement of responsibility, etc | Sabrina Marchetti, Daniela Cherubini and Giulia Garofalo Geymonat. |
| 260 ## - PUBLICATION, DISTRIBUTION, ETC. (IMPRINT) | |
| Place of publication | Bristol |
| Name of publisher | Bristol University Press |
| Year of publication | 2021 |
| 300 ## - PHYSICAL DESCRIPTION | |
| Number of Pages | xi, 165 pages ; |
| 500 ## - GENERAL NOTE | |
| General note | Open access version available. |
| 504 ## - BIBLIOGRAPHY, ETC. NOTE | |
| Bibliography, etc | Includes bibliographical references (pages 141-162) and index. |
| 505 00 - FORMATTED CONTENTS NOTE | |
| Formatted contents note | Machine generated contents note: |
| 520 ## - SUMMARY, ETC. | |
| Summary, etc | The book is a comparative study of the working conditions of domestic workers around the world, based on the EU-funded DomEQUAL research project conducted in nine countries in Europe, South America, and Asia. The book explores the campaigns that domestic workers are conducting to improve their labor rights and the ways in which their movements represent the interests of marginalized social groups. The study highlights the importance of intersectionality in the organization of these movements and their ability to challenge the subjectification of domestic workers. The book provides valuable insights into the challenges facing domestic workers and the strategies they are using to resist exploitation and discrimination. It will be useful for scholars, policy makers, and activists who are interested in understanding the conditions of domestic workers and the movements fighting for their rights. Overall, the book presents a comprehensive and ambitious analysis of the domestic workers' movements globally and their impact on labor rights. |
| 546 ## - LANGUAGE NOTE | |
| Language note | English. |
| 650 #0 - SUBJECT ADDED ENTRY--TOPICAL TERM | |
| Topical Term | Household employees |
| General subdivision | Civil rights |
| Geographic subdivision | Europe. |
| 650 #0 - SUBJECT ADDED ENTRY--TOPICAL TERM | |
| Topical Term | Household employees |
| General subdivision | Civil rights |
| Geographic subdivision | South America. |
| 650 #0 - SUBJECT ADDED ENTRY--TOPICAL TERM | |
| Topical Term | Household employees |
| General subdivision | Civil rights |
| Geographic subdivision | Asia. |
| 650 #0 - SUBJECT ADDED ENTRY--TOPICAL TERM | |
| Topical Term | Employee rights |
| Geographic subdivision | Europe. |
| 650 #0 - SUBJECT ADDED ENTRY--TOPICAL TERM | |
| Topical Term | Employee rights |
| Geographic subdivision | South America. |
| 650 #0 - SUBJECT ADDED ENTRY--TOPICAL TERM | |
| Topical Term | Employee rights |
| Geographic subdivision | Asia. |
| 650 #6 - SUBJECT ADDED ENTRY--TOPICAL TERM | |
| Topical Term | Employés de maison |
| General subdivision | Droits |
| Geographic subdivision | Europe. |
| 650 #6 - SUBJECT ADDED ENTRY--TOPICAL TERM | |
| Topical Term | Employés de maison |
| General subdivision | Droits |
| Geographic subdivision | Amérique du Sud. |
| 650 #6 - SUBJECT ADDED ENTRY--TOPICAL TERM | |
| Topical Term | Employés de maison |
| General subdivision | Droits |
| Geographic subdivision | Asie. |
| 650 #7 - SUBJECT ADDED ENTRY--TOPICAL TERM | |
| Topical Term | Employee rights. |
| 700 1# - ADDED ENTRY--PERSONAL NAME | |
| Personal name | Cherubini, Daniela, |
| Relator term | author. |
| 700 1# - ADDED ENTRY--PERSONAL NAME | |
| Personal name | Garofalo Geymonat, Giulia, |
| Relator term | author. |
| 942 ## - ADDED ENTRY ELEMENTS (KOHA) | |
| Source of classification or shelving scheme | Dewey Decimal Classification |
| Koha item type | Books |
| Withdrawn status | Lost status | Damaged status | Not for loan | Home library | Current library | Shelving location | Date acquired | Source of acquisition | Cost, normal purchase price | Full call number | Accession Number | Cost, replacement price | Price effective from | Koha item type |
|---|---|---|---|---|---|---|---|---|---|---|---|---|---|---|
| NASSDOC Library | NASSDOC Library | Book Cart | 30/11/2022 | 7 | 1868.05 | 331.76164 MAR-G | 52582 | 2558.98 | 30/11/2022 | Books |
